MDQL
is popping MORE tags! Check the
thread
!
Quizzes
Events
Quiz Creation
Community
Videos
Private Events
Remove Ads
Sign In
Join for FREE
Feedback
Dark Mode
Quiz Categories
Sports
Geography
Music
Movies
Television
Just For Fun
Miscellaneous
History
Literature
Language
Science
Gaming
Entertainment
Religion
Holiday
For Kids
Quiz Lab
Recent
Popular Today
Quiz Kudos Today
Editor Picks
Curator Picks
Quizzes by...
Day
Popularity
Type
Ratings
Length
Year
Community
Subscriptions
Recent Discussions
Orange Saloon
Badges
Playlists
Quests
Create
Leaderboards
Showdown
Live 5
Trivia Bingo
Activity
Puzzle Library
Sporcle Events
Private Events
Virtual Trivia
Globe League
Become a Host
Pub Owners
SporcleCon
Opinionation
Our Games
Videos
Blog
Mobile Apps
Partnerships
Remove Ads and Go Orange
Feedback
Music
Pop Music
The Beatles
Song
Album
Lyrics
Bands
Singers
Artist
Clip
Rock
Rap
Classical
Billboard
Country Music
Kpop
Taylor Swift
Music
Pop Music
The Beatles
Song
Album
Lyrics
Bands
Singers
Artist
Clip
Rock
Rap
Classical
Billboard
Country Music
Kpop
Taylor Swift
Random Quiz
Search Sporcle
×
Quiz Lab
Quiz Lab
Music
Taylor Swift
Type in answers that appear in a list
Type in answers that appear in a list
Classic
Best Score? Go Orange.
Taylor Swift's Holy Ground Stats
Can you name the Taylor Swift's Holy Ground?
By
nat22cat
10m
281 Questions
3,740 Plays
3,740 Plays
3,740 Plays
Comments
Comments
Give Quiz Kudos
Give Quiz Kudos
-
- Ratings
hide this ad
Replay
Link that replays current quiz
Next Quiz
Link to next quiz in quiz playlist
You Got
0%
They Got
Avg Score
88%
Avg Friend Score
Upgrade to see
Score Distribution
Jump to the score distribution portion of the page
Score
0/281
Timer
10:00
0
Plays Today
% Correct
I
98.8%
I
98.8%
I
98.8%
I
98.8%
I
98.8%
I
98.8%
I
98.8%
I
98.8%
I
98.8%
I
98.8%
I
98.8%
the
97.2%
the
97.2%
the
97.2%
the
97.2%
the
97.2%
the
97.2%
the
97.2%
the
97.2%
the
97.2%
a
97%
a
97%
a
97%
a
97%
a
97%
a
97%
holy
96.2%
holy
96.2%
holy
96.2%
ground
96%
ground
96%
ground
96%
was
95.9%
was
95.9%
was
95.9%
was
95.9%
was
95.9%
was
95.9%
was
95.9%
was
95.9%
you
95.4%
you
95.4%
you
95.4%
you
95.4%
you
95.4%
you
95.4%
you
95.4%
you
95.4%
you
95.4%
you
95.4%
you
95.4%
to
95.2%
to
95.2%
to
95.2%
to
95.2%
we
95.1%
we
95.1%
we
95.1%
we
95.1%
we
95.1%
we
95.1%
and
94.7%
and
94.7%
and
94.7%
and
94.7%
and
94.7%
and
94.7%
and
94.7%
and
94.7%
and
94.7%
and
94.7%
it
94.4%
it
94.4%
it
94.4%
it
94.4%
it
94.4%
go
93.9%
day
93.1%
day
93.1%
just
92.8%
where
92.7%
where
92.7%
where
92.7%
me
92.4%
in
92.3%
in
92.3%
in
92.3%
in
92.3%
in
92.3%
there
92.2%
there
92.2%
there
92.2%
other
92.2%
right
91.8%
% Correct
stood
91.8%
right
91.8%
stood
91.8%
right
91.8%
stood
91.8%
first
91.1%
first
91.1%
first
91.1%
on
91%
on
91%
on
91%
like
90.8%
like
90.8%
like
90.8%
like
90.8%
all
90.8%
all
90.8%
all
90.8%
all
90.8%
time
90.8%
time
90.8%
good
90%
good
90%
good
90%
never
89.9%
never
89.9%
never
89.9%
with
89.8%
with
89.8%
with
89.8%
with
89.8%
with
89.8%
with
89.8%
that
89.7%
that
89.7%
that
89.7%
took
89.6%
took
89.6%
not
89.4%
not
89.4%
not
89.4%
not
89.4%
darling
89%
darling
89%
New
88.8%
new
88.8%
looking
88.8%
looking
88.8%
looking
88.8%
down
88.6%
down
88.6%
down
88.6%
away
88.5%
when
88.5%
when
88.5%
but
88.2%
but
88.2%
but
88.2%
but
88.2%
but
88.2%
back
87.9%
back
87.9%
this
87.9%
this
87.9%
this
87.9%
for
87.8%
for
87.8%
for
87.8%
of
87.8%
I'm
87.6%
I'm
87.6%
I'm
87.6%
I'm
87.6%
I'm
87.6%
I'm
87.6%
I'm
87.6%
I'm
87.6%
York
86.5%
were
86.3%
were
86.3%
if
86.2%
if
86.2%
if
86.2%
if
86.2%
had
86.1%
had
86.1%
my
85.9%
dance
85.4%
dance
85.4%
dance
85.4%
dance
85.4%
dance
85.4%
dance
85.4%
dance
85.4%
% Correct
dance
85.4%
don't
85.3%
don't
85.3%
don't
85.3%
dont
85.3%
way
85.2%
perfect
85%
know
84.9%
light
84.9%
your
84.9%
every
84.8%
every
84.8%
dancing
84.8%
dancing
84.8%
dancing
84.8%
dancing
84.8%
gonna
84.4%
gonna
84.4%
gonna
84.4%
gonna
84.4%
green
84.3%
wanna
83.9%
wanna
83.9%
wanna
83.9%
reminiscing
83.9%
than
83.7%
something
83.5%
lose
83.5%
been
83.2%
been
83.2%
faster
82.9%
fell
82.9%
usual
82.8%
we've
82.8%
we've
82.8%
apart
82.7%
tonight
82.6%
tonight
82.6%
tonight
82.6%
tonight
82.6%
through
82.5%
through
82.5%
guess
82.4%
got
82%
already
81.9%
room
81.8%
room
81.8%
page
81.7%
need
81.3%
rhyme
81.2%
city
80.9%
lord
80.6%
off
80.6%
see
80.5%
ourselves
80.5%
face
80%
made
79.9%
now
79.8%
dress
79.5%
about
79.4%
think
79.3%
conversation
79.2%
brand
79.2%
big
78.8%
alone
78.8%
crowd
78.4%
joke
78.1%
girl
78.1%
sound
77.9%
dust
77.7%
poems
77%
fit
76.8%
wide
76.7%
spinning
76.4%
want
76.3%
note
76%
skip
75.8%
coffee
75.5%
door
75.4%
story's
74.5%
left
74.2%
we'd
73.3%
glance
72.6%
having
72.4%
cause
72.4%
wonder
72%
sometimes
70.8%
while
70.7%
noise
70.4%
how
70.1%
feeling
69.3%
yeah
66.1%
block
66.1%
Quiz Playlist
Details
Report
Send in Message
Add To Playlist
Classic:
Type in answers that appear in a list
Last Updated: Aug 16, 2017
Quiz Scoreboard
CHALLENGE
Sign Up to Join the Scoreboard
Show All
Scores
Hide
Comments
May contain spoilers
Recently Published
Find the 'City' Movie
by crazypaving
Movies
60s
5x2 Blitz: Bands
by SL_Kpop136
Music
30s
Colored Red Africa Blitz
by spor1
Geography
30s
More to Explore
Quiz From the Vault
Featured Blog Post
14 Easter Pick-up Lines to Find Eggs With
hide this ad
You Might Also Like...
Tags
Lyrics Quiz
Song Quiz
Taylor Swift Quiz
Red
Today's Top Quizzes in Music
Browse Music
hide this ad
Today's Top Quizzes in Taylor Swift
Browse Taylor Swift
Top Contributed Quizzes in Music
1
5X2 Blitz: Bands II
2
Taylor Swift All Songs (2024)
3
Taylor Swift Logic Puzzle II
4
5X2 Blitz: The Beatles
5
5X2 Blitz: Billboard
6
Taylor Swift Logic Puzzle
7
5X2 Blitz: Billboard II
8
5X2 Blitz: Album
9
5X2 Blitz: Singers
10
Music Artist by Three 2010s hits
Explore More
Trending Topics
Crossword
Anime
Harry Potter
Kpop
Marvel
Disney
NBA
Soccer
Puzzle
Country
The Office
Pokémon
WWE
NFL
Song
hide this ad
More By:
nat22cat
Quiz
Plays
Rating
Category
Featured
Created
Taylor Swift's Wildest Dreams
35,268
4.58
Music
Nov 13, 2014
'I Knew You Were Trouble' Lyrics
34,062
4.84
Music
Oct 10, 2012
Taylor Swift's Red By Opening Lyrics
8,788
4.30
Music
Oct 22, 2012
Taylor Swift's All Too Well
7,319
2.71
Music
Oct 28, 2012
Taylor Swift's Tim Mcgraw lyrics
4,995
3.56
Music
Aug 15, 2011
Go to Creator's Profile
Score Distribution
Quiz Creator Spotlight
nat22cat
Follow
Send a Message
Quizzes Created
-
Created Quiz Play Count
-
More By This Creator
Popular Quizzes Today
1
Colored Red Africa Blitz
2
Find the US States - No Outlines Minefield
3
Find the 'City' Movie
4
5x2 Blitz: Bands
5
The Countries of the World
6
Find the US States
7
US States
8
9x9 Crossword: Cartoon Network
More Music Quizzes
Girls Planet 999 Venn DIagram
Quiz Lab
Trending Quizzes
Colored Red Europe Blitz I
Colored Red Europe Blitz II
Colored Red Africa Blitz II
Colored Red Europe Blitz III
Colored Red Africa Blitz III
Recently Updated
Godzilla Movies
pecheneg
Grab Bag: 4-10 Letters
pecheneg
2024 March Madness Bracket
pecheneg
Famous TV Couples
Peacemaker
Champions League XIs: Real Madrid
pecheneg
Largest US Cities 1790-2010
pecheneg
Rides in Walt Disney World
pecheneg
Most Oscar Losses (Acting)
pecheneg
Beyoncé Albums
pecheneg
Leaping Animals
pecheneg
Trending Topics
Crossword
Disney
Anime
Marvel
Kpop
NBA
Harry Potter
Song
Country
Soccer
NFL
Pokémon
The Office
Puzzle
WWE
Your Account Isn't Verified!
In order to create a playlist on Sporcle, you need to verify the email address you used during registration. Go to your
Sporcle Settings
to finish the process.
Report this User
Report this user for behavior that violates our
Community Guidelines
.
Details:
Send Report
Go to the Sporcle.com Mobile Site →
Comments